000 00466nam a2200181Ia 4500
003 GCL
008 140319s9999 xx 000 0 eng d
040 _aGCL /
_cGCL
082 0 4 _aCH.
_b823.087
_bB G
100 1 _aBRIGGS,PHYLLIS
245 1 0 _aKING ARTHUR AND THE KNIGHTS OF THE ROUND TABLE /
_cBRIGGS,PHYLLIS
260 _a[S.N] :
_bDEAN ،
_c1992
300 _a184 P
650 0 4 _aCHILDREN
650 0 4 _aENGLISH LANGUAGE
650 0 4 _aTALES
942 _2ddc
_cBK
999 _c17988
_d17988